<?xml version="1.0" encoding="UTF-8" ?>
<collection xmlns="http://www.loc.gov/MARC21/slim"><record><leader>01083nam a2200265   4500</leader><controlfield tag="001">231606</controlfield><controlfield tag="003">CH-000273-5</controlfield><controlfield tag="005">20260505095349.0</controlfield><datafield tag="020" ind1=" " ind2=" "><subfield code="a">978-90-04-72667-3</subfield></datafield><datafield tag="040" ind1=" " ind2=" "><subfield code="a">CH-000273-5</subfield><subfield code="b">ger</subfield><subfield code="e">rda</subfield></datafield><datafield tag="041" ind1="0" ind2=" "><subfield code="a">eng</subfield></datafield><datafield tag="245" ind1="0" ind2="0"><subfield code="a">Chronicling lost legacies</subfield><subfield code="b">women collectors, patrons, and tastemakers</subfield><subfield code="c">edited by Samantha Deutch, Margaret R. Laster</subfield></datafield><datafield tag="264" ind1=" " ind2="1"><subfield code="a">Leiden</subfield><subfield code="a">Boston</subfield><subfield code="b">Brill</subfield><subfield code="c">[2026]</subfield></datafield><datafield tag="300" ind1=" " ind2=" "><subfield code="a">XIX, 243 Seiten</subfield><subfield code="b">Illustrationen</subfield><subfield code="c">24 cm</subfield></datafield><datafield tag="336" ind1=" " ind2=" "><subfield code="a">Text</subfield><subfield code="b">txt</subfield><subfield code="2">rdacontent</subfield></datafield><datafield tag="337" ind1=" " ind2=" "><subfield code="a">ohne Hilfsmittel zu benutzen</subfield><subfield code="b">n</subfield><subfield code="2">rdamedia</subfield></datafield><datafield tag="338" ind1=" " ind2=" "><subfield code="a">Band</subfield><subfield code="b">nc</subfield><subfield code="2">rdacarrier</subfield></datafield><datafield tag="490" ind1="1" ind2=" "><subfield code="a">Studies in the history of collecting &amp; art markets</subfield><subfield code="v">volume 22</subfield></datafield><datafield tag="650" ind1=" " ind2="7"><subfield code="a">Kunstsammlerin</subfield><subfield code="x">Mäzenin</subfield><subfield code="y">Geschichte 1650-1970</subfield><subfield code="2">gnd</subfield></datafield><datafield tag="655" ind1=" " ind2="7"><subfield code="a">Aufsatzsammlung</subfield><subfield code="2">gnd-content</subfield></datafield><datafield tag="700" ind1="1" ind2=" "><subfield code="a">Deutch, Samantha</subfield><subfield code="e">Herausgeber</subfield><subfield code="4">edt</subfield></datafield><datafield tag="700" ind1="1" ind2=" "><subfield code="a">Laster, Margaret R.</subfield><subfield code="e">Herausgeber</subfield><subfield code="4">edt</subfield></datafield><datafield tag="776" ind1="0" ind2="8"><subfield code="i">Erscheint auch als</subfield><subfield code="n">Online-Ausgabe</subfield><subfield code="t">Chronicling lost legacies</subfield><subfield code="z">978-90-04-72668-0</subfield></datafield><datafield tag="830" ind1=" " ind2="0"><subfield code="a">Studies in the history of collecting &amp; art markets</subfield><subfield code="v">22</subfield><subfield code="w">(CH-000273-5)211210</subfield></datafield><datafield tag="852" ind1="4" ind2=" "><subfield code="a">CH-000273-5</subfield><subfield code="c">C 2026/0074</subfield></datafield></record></collection>